<?xml version="1.0" encoding="UTF-8"?>
<record
    xmlns:xsi="http://www.w3.org/2001/XMLSchema-instance"
    xsi:schemaLocation="http://www.loc.gov/MARC21/slim http://www.loc.gov/standards/marcxml/schema/MARC21slim.xsd"
    xmlns="http://www.loc.gov/MARC21/slim">

  <leader>01654nam a22002297a 4500</leader>
  <controlfield tag="003">DO-SdBJH</controlfield>
  <controlfield tag="005">20230524135922.0</controlfield>
  <controlfield tag="008">230524b        |||||||| |||| 00| 0 spa d</controlfield>
  <datafield tag="040" ind1=" " ind2=" ">
    <subfield code="a">DO-SdBJH</subfield>
    <subfield code="b">spa</subfield>
    <subfield code="c">DO-SdBJH</subfield>
  </datafield>
  <datafield tag="090" ind1=" " ind2=" ">
    <subfield code="a">TG EGCEMN</subfield>
    <subfield code="b">01933 2021</subfield>
  </datafield>
  <datafield tag="100" ind1="1" ind2=" ">
    <subfield code="a">Cana&#xE1;n Liranzo, Ulises Pedro</subfield>
    <subfield code="e">sustentante</subfield>
  </datafield>
  <datafield tag="245" ind1="1" ind2="0">
    <subfield code="a">Propuesta para la modificaciones de la Ley N&#xFA;m.. 3003-51, sobre Polic&#xED;a de Puertos y Costas para el a&#xF1;o 2022 / </subfield>
    <subfield code="c">Ulises Pedro Cana&#xE1;n Liranzo, asesores Radham&#xE9;s Vega Dom&#xED;nguez, Jos&#xE9; A. Liriano Rodr&#xED;guez</subfield>
  </datafield>
  <datafield tag="260" ind1=" " ind2=" ">
    <subfield code="a">Santo Domingo Este :</subfield>
    <subfield code="b">INSUDE, </subfield>
    <subfield code="c">2021</subfield>
  </datafield>
  <datafield tag="300" ind1=" " ind2=" ">
    <subfield code="a">xiv, 78 p&#xE1;ginas, fotos, mapas, organigrama</subfield>
  </datafield>
  <datafield tag="502" ind1=" " ind2=" ">
    <subfield code="a">Tesis (Especialidad en Comando y Estado Mayor Naval). -- Instituto Superior para la Defensa (INSUDE).   Escuela de Graduados de Estudios Superiores Navales, 2021</subfield>
  </datafield>
  <datafield tag="504" ind1=" " ind2=" ">
    <subfield code="a">Incluye referencias bibliogr&#xE1;ficas e &#xED;ndices</subfield>
  </datafield>
  <datafield tag="505" ind1=" " ind2=" ">
    <subfield code="a">Objeto y alcance de la Ley N&#xFA;m.,. 3003-51, sobre polic&#xED;a de puertos costas. -- Disposiciones que han actualizado el marco jur&#xED;dico de la navegaci&#xF3;n mar&#xED;tima en Rep&#xFA;blica Dominicana, luego de la promulgaci&#xF3;n de la Ley Num.3003-51, sobre polic&#xED;a de puertos y costas. -- An&#xE1;lisis sobre los aspectos que debe regular  la Ley N&#xFA;m.,. 3003-51, sobre polic&#xED;a de puertos costas, como la Ley de navegaci&#xF3;n mar&#xED;tima, conforme a las disposiciones legales y vigente y a los retos a que se enfrenta en la actualidad</subfield>
  </datafield>
  <datafield tag="700" ind1="1" ind2=" ">
    <subfield code="a">Vega Dom&#xED;nguez, Radham&#xE9;s </subfield>
    <subfield code="e">asesor</subfield>
  </datafield>
  <datafield tag="700" ind1="1" ind2=" ">
    <subfield code="a"> Liriano Rodr&#xED;guez, Jos&#xE9; A.</subfield>
    <subfield code="e">asesor</subfield>
  </datafield>
  <datafield tag="830" ind1=" " ind2=" ">
    <subfield code="a">INSUDE.  &#x201C;Escuela de Graduados de Estudios Superiores Navales&#x201D;.  Tesis y disertaciones acad&#xE9;micas</subfield>
  </datafield>
  <datafield tag="942" ind1=" " ind2=" ">
    <subfield code="2">CL</subfield>
    <subfield code="c">T</subfield>
  </datafield>
  <datafield tag="999" ind1=" " ind2=" ">
    <subfield code="c">7453</subfield>
    <subfield code="d">7453</subfield>
  </datafield>
  <datafield tag="952" ind1=" " ind2=" ">
    <subfield code="0">0</subfield>
    <subfield code="1">0</subfield>
    <subfield code="2">CL</subfield>
    <subfield code="4">0</subfield>
    <subfield code="7">1</subfield>
    <subfield code="8">TG</subfield>
    <subfield code="a">BJHA</subfield>
    <subfield code="b">BJHA</subfield>
    <subfield code="d">2023-05-24</subfield>
    <subfield code="i">21-01933</subfield>
    <subfield code="l">0</subfield>
    <subfield code="o">TG EGCEMN 01933 2021</subfield>
    <subfield code="p">21-01933</subfield>
    <subfield code="r">2023-05-24 00:00:00</subfield>
    <subfield code="t">e.1</subfield>
    <subfield code="w">2023-05-24</subfield>
    <subfield code="y">T</subfield>
  </datafield>
</record>
